000 00739nam a2200229Ia 4500
003 GCL
008 140319s9999 xx 000 0 ara d
020 _a2275810977
040 _aGCL /
_cGCL
082 0 4 _a305.4
_bم ن
100 1 _aمنى ابوسنه
245 1 0 _aنقد عقل المرأة /
_cمنى ابوسنه
250 _aالاولى
260 _aالقاهرة :
_bدار قباء للطباعة والنشر والتوزيع ،
_c1997
300 _a136 ص ؛
_c20 سم
650 0 4 _aالمرأة
650 0 4 _aالمرأة فى الحياة العامة
650 0 4 _aحقوق المرأة
650 0 4 _aالمرأة - رعاية اجتماعية
650 0 4 _aالمرأة - علم النفس
942 _2ddc
_cBK
999 _c5986
_d5986